|
|
|
|
| LEADER |
00000cam a2200000 7i4500 |
| 001 |
0000028521 |
| 005 |
20070623093000.0 |
| 008 |
021119s1991 |
| 090 |
0 |
0 |
|a PN3175
|b .C613
|
| 100 |
0 |
|
|a Courtney, Richard ,
|e author
|
| 245 |
0 |
0 |
|a Lakon, drama dan pemikiran :
|b latarbelakang intelektual drama dalam pendidikan
|c Richard Courtney
|f penterjemah Rahmah Bujang
|
| 260 |
2 |
|
|a Kuala Lumpur :
|b Dewan Bahasa dan Pustaka ,
|c 1991
|
| 300 |
|
|
|a xxvii, 385 ms. ; ;
|c 16 sm.
|
| 500 |
|
|
|a Judul asal : Play, drama and thought : the intellectual background to drama in education
|
| 501 |
|
|
|a Mengandungi indeks
|
| 504 |
|
|
|a Bibliografi : ms. 353-368
|
| 650 |
|
0 |
|a Drama in education
|
| 700 |
0 |
|
|a Rahmah Bujang ,
|e author
|
| 740 |
0 |
0 |
|a Play, drama and thought :
|b the intelectual background to drama in education
|
| 999 |
|
|
|a 1000048228
|b Book
|c OPEN SHELF (30 DAYS)
|e Gong Badak Campus
|